| 000 -LEADER |
| fixed length control field |
01010cam a2200289 i 4500 |
| 001 - CONTROL NUMBER |
| control field |
.b16575969 |
| 003 - CONTROL NUMBER IDENTIFIER |
| control field |
OSt |
| 005 - DATE AND TIME OF LATEST TRANSACTION |
| control field |
20260205150136.0 |
| 008 - FIXED-LENGTH DATA ELEMENTS--GENERAL INFORMATION |
| fixed length control field |
240115t20022001enk 000 1 eng d |
| 020 ## - INTERNATIONAL STANDARD BOOK NUMBER |
| International Standard Book Number |
9780099421863 |
| 040 ## - CATALOGING SOURCE |
| Original cataloging agency |
TWWZU |
| Language of cataloging |
eng |
| Description conventions |
rda |
| Transcribing agency |
TWWZU |
| Modifying agency |
TWWZU |
| -- |
KH8 |
| 042 ## - AUTHENTICATION CODE |
| Authentication code |
nbic |
| 082 ## - DEWEY DECIMAL CLASSIFICATION NUMBER |
| Classification number |
FIC RUS |
| 100 1# - MAIN ENTRY--PERSONAL NAME |
| Personal name |
Rushdie, Salman, |
| Relator term |
author. |
| 245 10 - TITLE STATEMENT |
| Title |
Fury : |
| Remainder of title |
a novel / |
| Statement of responsibility, etc. |
Salman Rushdie. |
| 264 #1 - PRODUCTION, PUBLICATION, DISTRIBUTION, MANUFACTURE, AND COPYRIGHT NOTICE |
| Place of production, publication, distribution, manufacture |
London : |
| Name of producer, publisher, distributor, manufacturer |
Vintage Books, |
| Date of production, publication, distribution, manufacture, or copyright notice |
[2002] |
| 264 #4 - PRODUCTION, PUBLICATION, DISTRIBUTION, MANUFACTURE, AND COPYRIGHT NOTICE |
| Date of production, publication, distribution, manufacture, or copyright notice |
©2001. |
| 300 ## - PHYSICAL DESCRIPTION |
| Extent |
259 pages ; |
| Dimensions |
20 cm. |
| 336 ## - CONTENT TYPE |
| Content type term |
text |
| Content type code |
txt |
| Source |
rdacontent. |
| 337 ## - MEDIA TYPE |
| Media type term |
unmediated |
| Media type code |
n |
| Source |
rdamedia. |
| 338 ## - CARRIER TYPE |
| Carrier type term |
volume |
| Carrier type code |
nc |
| Source |
rdacarrier. |
| 520 ## - SUMMARY, ETC. |
| Summary, etc. |
Malik Solanka, a middle-aged ex-philosophy professor and millionaire creator of a hugely popular doll, seeks refuge from his unwanted fame and disintegrating marriage in New York City. |
| 650 #0 - SUBJECT ADDED ENTRY--TOPICAL TERM |
| Topical term or geographic name entry element |
Anger |
| Form subdivision |
Fiction. |
| 651 #0 - SUBJECT ADDED ENTRY--GEOGRAPHIC NAME |
| Geographic name |
New York (N.Y.) |
| General subdivision |
Social life and customs |
| Chronological subdivision |
20th century |
| Form subdivision |
Fiction. |
| 655 #7 - INDEX TERM--GENRE/FORM |
| Genre/form data or focus term |
Black humor (Literature) |
| Source of term |
gsafd. |
| 942 ## - ADDED ENTRY ELEMENTS (KOHA) |
| Source of classification or shelving scheme |
|
| Koha item type |
Books - Fiction |